| 000 | 01097nam a22002897a 4500 | ||
|---|---|---|---|
| 003 | OSt | ||
| 005 | 20250509082603.0 | ||
| 008 | 250505t2023 |||o||||o| || 00| ||eng dd | ||
| 020 | _a978-1-3502-4478-8 | ||
| 040 | _cJMCFI - Learning Resource Center | ||
| 082 | _aeBook/Ed. 378.’001’4 C912 2023 | ||
| 245 |
_aCreating the desire for change in higher education _h[electronic resource] / _bedited by Didi Griddioen. |
||
| 260 |
_aLondon : _bBloomsbury Academic, _c2023. |
||
| 300 | _a1 online resource (233 pages). | ||
| 504 | _aIncludes bibliographical references and indexes. | ||
| 650 |
_aHigher education _xResearch. _932591 |
||
| 650 |
_aEducation _xResearch. _911496 |
||
| 650 |
_aResearch integration. _932592 |
||
| 650 |
_aResearch. _9146 |
||
| 650 |
_aResearch and teaching. _932593 |
||
| 650 |
_aHybrid organizations. _932594 |
||
| 650 |
_aOpen Access Publishing in European Networks (OAPEN). _930999 |
||
| 650 |
_aeBook (Open access). _930865 |
||
| 700 |
_aGriffioen, Didi _eeditor _932595 |
||
| 856 | _uhttps://library.oapen.org/handle/20.500.12657/58875 | ||
| 942 |
_2ddc _cEBK _n0 |
||
| 999 |
_c10245 _d10245 |
||